| 000 | 00509cam a2200193ua 4500 | ||
|---|---|---|---|
| 020 | _c10.00 | ||
| 041 |
_aeng _h |
||
| 082 |
_a512 _bHAL/HI |
||
| 100 | _aHall, H S . | ||
| 245 |
_aHigher algebra: A sequel to elementry algebra for schools / _cH S Hall. _hTextual Documents |
||
| 250 |
_a4 / _b. |
||
| 260 |
_aMelbourne,London : _bMacMillan and Company Limited , _c1960. |
||
| 300 | _a557 ; . | ||
| 365 | _a10.00 | ||
| 504 | _a | ||
| 700 | 1 | _aKnight, S R . | |
| 942 | _cBK | ||
| 999 |
_c9300 _d9300 |
||